McCarthy and McCarthy v Pendle BC (Record no. 80111)

MARC details
000 -LEADER
fixed length control field 01548cad a22002295a 4500
001 - CONTROL NUMBER
control field L143247
008 - FIXED-LENGTH DATA ELEMENTS--GENERAL INFORMATION
fixed length control field 080418e20071018xxk f v 000 0 eng d
035 ## - SYSTEM CONTROL NUMBER
System control number (Sirsi) u143247
041 0# - LANGUAGE CODE
Language code of text/sound track or separate title eng
245 00 - TITLE STATEMENT
Title McCarthy and McCarthy v Pendle BC
Medium [electronic resource]
260 ## - PUBLICATION, DISTRIBUTION, ETC.
Date of publication, distribution, etc. 2007
520 ## - SUMMARY, ETC.
Summary, etc. ACQ/76/2006. The Lands Tribunal had to determine the compensation payable by a local authority to the claimants following a compulsory purchase of a retail premises for development purposes. The property was located in a good secondary shopping area. The claimants were unable to find suitable alternative premises, so compensation was agreed on the basis of total extinguishment of the business. The parties did not agree on the value of the freehold interest and the basis for calculating this. Held: property valued on the basis of open market evidence (i.e. property value assessed by comparison to neighbouring properties) as opposed to values agreed under the shadow of compulsory purchase. Compensation assessed.
590 ## - LOCAL NOTE (RLIN)
Local note KA
650 24 - SUBJECT ADDED ENTRY--TOPICAL TERM
Topical term or geographic name entry element LANDS TRIBUNAL ACT 1949
650 24 - SUBJECT ADDED ENTRY--TOPICAL TERM
Topical term or geographic name entry element HORN V SUNDERLAND CORP
650 24 - SUBJECT ADDED ENTRY--TOPICAL TERM
Topical term or geographic name entry element DIRECTOR OF BUILDINGS AND LANDS V SHUN FUNG IRONWORKS LTD
650 24 - SUBJECT ADDED ENTRY--TOPICAL TERM
Topical term or geographic name entry element SCENEOUT LTD V CENTRAL MANCHESTER DEVELOPMENT CORP
651 #4 - SUBJECT ADDED ENTRY--GEOGRAPHIC NAME
Geographic name England and Wales
690 ## - LOCAL SUBJECT ADDED ENTRY--TOPICAL TERM (OCLC, RLIN)
Topical term or geographic name as entry element ENVIRONMENTAL AND LAND CONSULTANCY-PLANNING AND DEVELOPMENT-COMPULSORY PURCHASE AND COMPENSATION
856 40 - ELECTRONIC LOCATION AND ACCESS
Uniform Resource Identifier <a href="https://www.bailii.org/ew/cases/EWLands/2007/ACQ_182_2006.html">https://www.bailii.org/ew/cases/EWLands/2007/ACQ_182_2006.html</a>
Public note View the judgment free of charge at www.bailii.org...
942 ## - ADDED ENTRY ELEMENTS (KOHA)
Suppress in OPAC 0
Holdings
Withdrawn status Lost status Source of classification or shelving scheme Damaged status Not for loan Home library Current library Shelving location Date acquired Total Checkouts Full call number Barcode Date last seen Copy number Price effective from Koha item type
    Dewey Decimal Classification     Virtual Virtual Online 18/04/2008   ONLINE PUBLICATION 143247-1001 06/08/2019 1 06/08/2019 Law report